|
|
|
|
| LEADER |
01284nam a2200217 a 4500 |
| 008 |
091013s2008 bg 000 0 eng d |
| 020 |
|
|
|a 9848430725
|
| 040 |
|
|
|a DLC
|c DLC
|d DLC
|
| 082 |
0 |
0 |
|a 346.5401/5
|a 345.40615
|2 19
|
| 100 |
1 |
|
|a Rakshit, Mridul Kanti.
|
| 245 |
1 |
4 |
|a The principles of Hindu law :
|b personal law of Hindus in Bangladesh and Pakistan, containing law of socio-economic relations of the members of the Hindu society as well as the socio-engineering law of property of Hindus as modified by various legislative enactments, with upto date judicial precedents /
|c by Sree Mridulkanti Rakshit.
|
| 250 |
|
|
|a 6th ed.
|
| 260 |
|
|
|a Chittagong, Bangladesh :
|b Kamrul Book House,
|c 2008.
|
| 300 |
|
|
|a L, 1084 p. ;
|c 26 cm.
|
| 541 |
1 |
|
|e 00018265
|
| 650 |
|
0 |
|a Domestic relations (Hindu law)
|
| 650 |
|
0 |
|a Property (Hindu law)
|
| 852 |
4 |
|
|a Ayesha Abed Library
|j General shelf
|
| 999 |
|
|
|c 4557
|d 4557
|
| 952 |
|
|
|0 0
|1 0
|2 ddc
|4 0
|6 346_540150000000000_RAK_2008
|7 0
|9 4312
|a BRACUL
|b BRACUL
|c GEN
|d 2009-10-13
|g 1300.00
|l 19
|m 136
|o 346.54015 RAK
|p 3010018265
|q 2026-05-17
|r 2026-02-01
|s 2026-02-01
|t 1
|w 2009-10-13
|y BK
|
| 952 |
|
|
|0 0
|1 0
|2 ddc
|4 0
|6 346_540150000000000_RAK_2008
|7 0
|9 4313
|a BRACUL
|b BRACUL
|c GEN
|d 2009-10-13
|g 1300.00
|l 14
|m 69
|o 346.54015 RAK
|p 3010018266
|q 2026-05-17
|r 2026-02-18
|s 2026-02-18
|t 2
|w 2009-10-13
|y BK
|